Southville International School and Colleges
Your cart is empty.
  • Cart
  • Lists
    Public lists Eva Luna New books Lux_list list_1
    Your lists Log in to create your own lists
  • Log in to your account
  • Your cookies
  • Search history
Southville International School and Colleges
  • Advanced search
  • Recent comments
  • Most popular
  • Libraries

Log in to your account

Log in with GOOGLE


If you do not have an external account, but do have a local account, you can still log in:

  1. Home
  2. MARC view: Difficulties and coping mechanisms of foreign students /
Normal view MARC view ISBD view

Difficulties and coping mechanisms of foreign students / (Record no. 98337)

[ view plain ]
MARC details
000 -LEADER
fixed length control field 00813nam a2200217 a 4500
003 - CONTROL NUMBER IDENTIFIER
control field 0
005 - DATE AND TIME OF LATEST TRANSACTION
control field 20250303093119.0
008 - FIXED-LENGTH DATA ELEMENTS--GENERAL INFORMATION
fixed length control field 100902s19uu xx 00 eng d
050 ## - LIBRARY OF CONGRESS CALL NUMBER
Classification number PGS LC 3745
Item number .F963 2010
100 ## - MAIN ENTRY--PERSONAL NAME
Personal name Fulgencio II, Carrie Q.
245 ## - TITLE STATEMENT
Title Difficulties and coping mechanisms of foreign students /
Statement of responsibility, etc Carrie Q. Fulgencio II.
260 ## - PUBLICATION, DISTRIBUTION, ETC. (IMPRINT)
Place of publication, distribution, etc Las Piñas City, Philippines :
Name of publisher, distributor, etc Southville International School and Colleges,
Date of publication, distribution, etc 2010.
300 ## - PHYSICAL DESCRIPTION
Extent 25 pages :
Other physical details illustrations ;
Dimensions 28 cm.
504 ## - BIBLIOGRAPHY, ETC. NOTE
Bibliography, etc Includes bibliographical references.
650 ## - SUBJECT ADDED ENTRY--TOPICAL TERM
Topical term or geographic name as entry element Foreign students
Form subdivision Psychology .
650 ## - SUBJECT ADDED ENTRY--TOPICAL TERM
Topical term or geographic name as entry element Adjustment (Psychology) in children.
650 ## - SUBJECT ADDED ENTRY--TOPICAL TERM
Topical term or geographic name as entry element Student adjustment
Form subdivision Cross-cultural studies.
650 ## - SUBJECT ADDED ENTRY--TOPICAL TERM
Topical term or geographic name as entry element Stress in children.
650 ## - SUBJECT ADDED ENTRY--TOPICAL TERM
Topical term or geographic name as entry element Coping behavior in children.
942 ## - ADDED ENTRY ELEMENTS (KOHA)
Source of classification or shelving scheme Library of Congress Classification
Koha item type PASS
Holdings
Withdrawn status Lost status Source of classification or shelving scheme Damaged status Home library Current library Shelving location Date acquired Source of acquisition Total Checkouts Full call number Barcode Date last seen Price effective from Koha item type
    Library of Congress Classification   Luxembourg Library Luxembourg Library Portfolio Assessment of SISC Students Section 09/02/2010 Donation   PGS LC 3745 .F963 2010 P2436 08/25/2017 04/08/2014 PASS

Difficulties and coping mechanisms of foreign students /

APA

Fulgencio II C. Q., . (2010). Difficulties and coping mechanisms of foreign students. Las Piñas City, Philippines: Southville International School and Colleges.

Chicago

Fulgencio II Carrie Q, . 2010. Difficulties and coping mechanisms of foreign students. Las Piñas City, Philippines: Southville International School and Colleges.

Harvard

Fulgencio II C. Q., . (2010). Difficulties and coping mechanisms of foreign students. Las Piñas City, Philippines: Southville International School and Colleges.

MLA

Fulgencio II Carrie Q, . Difficulties and coping mechanisms of foreign students. Las Piñas City, Philippines: Southville International School and Colleges. 2010.

  • Print
  • Cite
  • Add to your cart (remove)
  • Save record
    BIBTEX Dublin Core MARCXML MARC (non-Unicode/MARC-8) MARC (Unicode/UTF-8) MARC (Unicode/UTF-8, Standard) MODS (XML) RIS
  • More searches
    Search for this title in:
    Other Libraries (WorldCat) Other Databases (Google Scholar) Online Stores (Bookfinder.com) Open Library (openlibrary.org)

Exporting to Dublin Core...

SOUTHVILLE LIBRARY

Southville International School and Colleges Library

1281 Tropical Ave. Cor. Luxembourg St., BF Homes International, Las Pinas City

Tel. No. 8256374 / 252358 Loc. 117/146

Powered by Koha